UM Logo

Lacking sanitation/ (Record no. 15189)

MARC details
000 -LEADER
fixed length control field 00370nam a2200121 4500
008 - FIXED-LENGTH DATA ELEMENTS--GENERAL INFORMATION
fixed length control field 200305b ||||| |||| 00| 0 eng d
100 ## - MAIN ENTRY--PERSONAL NAME
9 (RLIN) 41954
Personal name Revita, Juliet C.
Relator term Author.
245 ## - TITLE STATEMENT
Title Lacking sanitation/
Statement of responsibility, etc. Juliet C. Revita.
260 ## - PUBLICATION, DISTRIBUTION, ETC. (IMPRINT)
Place of publication, distribution, etc. Davao City, Philippines;
Name of publisher, distributor, etc. Sunstar Davao,
Date of publication, distribution, etc. ©2019.
300 ## - PHYSICAL DESCRIPTION
Extent page B3;
Dimensions 29.5cm.
650 ## - SUBJECT ADDED ENTRY--TOPICAL TERM
Topical term or geographic name as entry element Hygiene.
9 (RLIN) 41956
942 ## - ADDED ENTRY ELEMENTS (KOHA)
Source of classification or shelving scheme Dewey Decimal Classification
Koha item type Periodicals

No items available.